Normal view
MARC view
Entry Término temático
001 - NÚMERO DE CONTROL
- campo de control: 31919
003 - IDENTIFICADOR DEL NÚMERO DE CONTROL
- campo de control: OSt
005 - FECHA Y HORA DE LA ÚLTIMA TRANSACCIÓN
- campo de control: 20190925161138.0
008 - DATOS DE LONGITUD FIJA
- campo de control de longitud fija: 190925|| aca||aabn | a|a d
040 ## - FUENTE DE LA CATALOGACIÓN
- Centro catalogador/agencia de origen: OSt
- Centro/agencia transcriptor: OSt
150 ## - ENCABEZAMIENTO--TÉRMINO DE MATERIA
- Término de materia o nombre geográfico como elemento de entrada: Código de minería
670 ## - FUENTE DE DATOS ENCONTRADOS
- Cita de la fuente: Work cat.: (OSt)13485: Fuentes Castro, Paulino 30151, Código de minería promulgado por el supremo Gobierno en 6 de julio de 1900 con el reglamento del Consejo Superior de Minería ... y un vocabulario de minería /, 1901.